Online katalóg knižníc regiónu Turca

Mariana Radvaková (Record no. 22713)

MARC details
000 -LEADER
fixed length control field 00891nam a2200301 a 4500
001 - CONTROL NUMBER
control field 22713
003 - CONTROL NUMBER IDENTIFIER
control field SK-KTurca
005 - DATE AND TIME OF LATEST TRANSACTION
control field 20260421150350.0
008 - FIXED-LENGTH DATA ELEMENTS--GENERAL INFORMATION
fixed length control field 250414s1979 xo 0 slo
015 ## - NATIONAL BIBLIOGRAPHY NUMBER
National bibliography number SNBA1979
035 ## - SYSTEM CONTROL NUMBER
System control number SNK000059712
040 ## - CATALOGING SOURCE
Original cataloging agency SNK
Language of cataloging slo
Transcribing agency SNK
Description conventions AACR2
041 0# - LANGUAGE CODE
Language code of text/sound track or separate title slo
044 ## - COUNTRY OF PUBLISHING/PRODUCING ENTITY CODE
MARC country code xo
ISO country code SK
080 ## - UNIVERSAL DECIMAL CLASSIFICATION NUMBER
Universal Decimal Classification number 885.0-3
Edition identifier 1981
100 1# - MAIN ENTRY--PERSONAL NAME
Personal name Kozák, Jan,
Dates associated with a name 1921-1995
Relationship aut
245 10 - TITLE STATEMENT
Title Mariana Radvaková
Statement of responsibility, etc. Jan Kozák ; Vasil Jasenčák, Tomáš Krčméry
250 ## - EDITION STATEMENT
Edition statement 1. vyd.
260 ## - PUBLICATION, DISTRIBUTION, ETC.
Place of publication, distribution, etc. Bratislava
Name of publisher, distributor, etc. Pravda
Date of publication, distribution, etc. 1979
Place of manufacture Bratislava
Manufacturer Pravda
300 ## - PHYSICAL DESCRIPTION
Extent 167 s., 7,18 AH
Dimensions 20 cm
366 ## - TRADE AVAILABILITY INFORMATION
Note 8000 výtl.
500 ## - GENERAL NOTE
General note Ilustr. na front. a predsádkach.
700 1# - ADDED ENTRY--PERSONAL NAME
Personal name Jasenčák, Vasil,
Dates associated with a name 1933-
Relationship trl
700 1# - ADDED ENTRY--PERSONAL NAME
Personal name Krčméry, Tomáš,
Dates associated with a name 1950-
Relationship bkd
942 ## - ADDED ENTRY ELEMENTS (KOHA)
Source of classification or shelving scheme Dewey Decimal Classification
Koha item type Krásna literatúra pre dospelých
Suppress in OPAC No
Holdings
Stav vyradenia Strata Poškodenie Spôsob nadobudnutia Domovská knižnica Aktuálna knižnica Dátum nadobudnutia Total checkouts Čiarový kód exemplára Date last seen Typ exemplára
      Dar Obecná knižnica Horná Štubňa Obecná knižnica Horná Štubňa 21.04.2026   4736202241 21.04.2026 Krásna literatúra pre dospelých
Projekt je podporený Slovenskou asociáciou knižníc
Prevádzkuje Turčianska knižnica Martin 2026